Diáspora : (Registro nro. 15500)

Detalles MARC
000 -CABECERA
campo de control de longitud fija 01244nam a2200325 a 4500
001 - NÚMERO DE CONTROL
campo de control 000015115
003 - IDENTIFICADOR DEL NÚMERO DE CONTROL
campo de control DO-SdBPM
005 - FECHA Y HORA DE LA ÚLTIMA TRANSACCIÓN
campo de control 20251111110312.0
007 - CAMPO FIJO DE DESCRIPCIÓN FÍSICA--INFORMACIÓN GENERAL
campo de control de longitud fija ta
008 - DATOS DE LONGITUD FIJA--INFORMACIÓN GENERAL
campo de control de longitud fija 100201s2005 dr a 001 0 spa d
020 ## - NÚMERO INTERNACIONAL ESTÁNDAR DEL LIBRO
Número Internacional Estándar del Libro 9945037005
040 ## - FUENTE DE LA CATALOGACIÓN
Centro catalogador/agencia de origen DO-SdBPM
Lengua de catalogación spa
Centro/agencia transcriptor BPMSU
Centro/agencia modificador rda
049 ## - FONDOS LOCALES (OCLC)
Fondos de biblioteca
082 #4 - NÚMERO DE LA CLASIFICACIÓN DECIMAL DEWEY
Número de clasificación R581.97293
Número de documento/Ítem P433d 2005
Número de edición 22
100 1# - ENTRADA PRINCIPAL--NOMBRE DE PERSONA
Nombre de persona Perdomo, Omar Paino,
Fechas asociadas al nombre 1972-
Término indicativo de función/relación autor
Código de función/relación aut
245 10 - MENCIÓN DE TÍTULO
Título Diáspora :
Resto del título bibliografía micológica de la Española= Diaspora: Mycological bibliography of La Española /
Mención de responsabilidad, etc. Omar Paino Perdomo ; traducción Linda M. Rodríguez Guglielmoni.
246 13 - FORMA VARIANTE DE TÍTULO
Título propio/Titulo breve Diaspora :
Resto del título Mycological bibliography of La Española
264 ## - PRODUCCIÓN, PUBLICACIÓN, DISTRIBUCIÓN, FABRICACIÓN Y COPYRIGHT
Producción, publicación, distribución, fabricación y copyright Santo Domingo :
Nombre del de productor, editor, distribuidor, fabricante Reserva Científica Ebano Verde,
Fecha de producción, publicación, distribución, fabricación o copyright 2005.
300 ## - DESCRIPCIÓN FÍSICA
Extensión 77 páginas :
Otras características físicas ilustraciones ;
Dimensiones 22 cm.
336 ## - TIPO DE CONTENIDO
Término de tipo de contenido texto
Código de tipo de contenido txt
Fuente rdacontent
337 ## - TIPO DE MEDIO
Nombre/término del tipo de medio sin mediación
Código del tipo de medio n
Fuente rdamedia
338 ## - TIPO DE SOPORTE
Nombre/término del tipo de soporte volumen
Código del tipo de soporte nc
Fuente rdacarrier
500 ## - NOTA GENERAL
Nota general Incluye datos biográficos del autor en la solapa de la cubierta
590 ## - NOTA LOCAL (RLIN)
Nota local Inventariado, 2025/VM
650 #7 - PUNTO DE ACCESO ADICIONAL DE MATERIA--TÉRMINO DE MATERIA
Término de materia o nombre geográfico como elemento de entrada Botánica
Subdivisión geográfica La Española (Isla, República Dominicana)
650 #7 - PUNTO DE ACCESO ADICIONAL DE MATERIA--TÉRMINO DE MATERIA
Término de materia o nombre geográfico como elemento de entrada
700 1# - PUNTO DE ACCESO ADICIONAL--NOMBRE DE PERSONA
Nombre de persona Rodríguez Guglielmoni, Linda M.
Término indicativo de función/relación traductor
910 ## - DATOS DE OPCIÓN DEL USUARIO (OCLC)
Datos de opción del usuario VMateo V. Control de calidad. BPMSU
942 ## - ELEMENTOS DE PUNTO DE ACCESO ADICIONAL (KOHA)
Fuente del sistema de clasificación o colocación Dewey Decimal Classification
Tipo de ítem Koha Libros
Existencias
Estado de retiro Estado de pérdida Fuente del sistema de clasificación o colocación No para préstamo Código de colección Localización permanente Ubicación/localización actual Fecha de adquisición Total de préstamos Signatura topográfica completa Código de barras Fecha visto por última vez Precio válido a partir de Tipo de ítem Koha
    Dewey Decimal Classification   Colección de Referencia Dominicana Biblioteca Pública Metropolitana Salomé Ureña Biblioteca Pública Metropolitana Salomé Ureña 11/11/2025   BPMSU CDR R581.97293 P433d 2005 BPMSU25110025 11/11/2025 11/11/2025 Libros